00537 a2200145 4500010001400000020002300014035001300037037001600050082001200066100002400078245010300102260004300205270011600248300002700364 aENG-88952 a8172112270c550.00 aEN-72485 bDBAD / PUB14a338.9541 aRamachandran, K. S.00aEconomic environment of India :cby K. S. Ramachandranblessons from the past and for the future/ aNew DelhibNorthern Book Centrec2007 a4221/1, Ansari Road, DaryaganjbNew Delhie110 002k011-23264519, 011-23271626l011-23252651mnbcnd@ndb.vsnl.in ax, 470 p.c25cm (Hb.)